00697nam a2200121Ia 4500008004100000020001800041100004500059245011300104260003900217650001400256650026000270856004500530171212s9999 xx 000 0 und d a9780874217636 aGiberson, Gregory A.;Moriarty, Thomas A. cGiberson, Gregory A.;Moriarty, Thomas A.aWhat We Are BecomingbDevelopments in Undergraduate Writing Majors bUniversity Press of Coloradoc2010 aEducation aEnglish language -- Rhetoric -- Study and teaching (Higher) -- United States; Report writing -- Study and teaching (Higher) -- United States; Creative writing (Higher education) -- United States; Writing centers -- United States; English philology -- Stud uwww.jstor.org/stable/10.2307/j.ctt4cgppw